|
|
|
|
| LEADER |
00000nas a2200000 a 4500 |
| 001 |
ssj0009679 |
| 003 |
WaSeSS |
| 005 |
20200512172242.0 |
| 006 |
m d |
| 007 |
cr n |
| 008 |
000531c19979999nyumr pss 0 0eng c |
| 010 |
|
|
|a 2004233382
|
| 016 |
7 |
|
|a 012431954
|2 Uk
|
| 022 |
|
|
|a 1573-3254
|l 1090-7165
|y 1090-7165
|
| 035 |
|
|
|a (WaSeSS)ssj0009679
|
| 037 |
|
|
|b Kluwer Academic-Plenum-Human Sciences Press, 233 Spring Street, New York, NY 10013-1578
|
| 040 |
|
|
|a OH1
|b eng
|e pn
|c OH1
|d OCL
|d OCLCQ
|d MUQ
|d OCLCQ
|d GUA
|d F#A
|d OCL
|d OCLCS
|d NSD
|d OCLCQ
|d OCLCO
|d OCLCQ
|d OCLCO
|d GBT
|d CSU
|d OCLCO
|d OCLCQ
|d OCLCO
|d APUMS
|d OCLCF
|d U3W
|d UKMGB
|d AUD
|d VT2
|d NJT
|d OCLCO
|d DLC
|d OCLCA
|d WaSeSS
|
| 042 |
|
|
|a pcc
|
| 050 |
0 |
0 |
|a RA644.A25
|
| 060 |
0 |
0 |
|a W1
|b AI696CHB
|
| 082 |
0 |
4 |
|a 616.9792
|
| 130 |
0 |
|
|a AIDS and behavior (Online)
|
| 245 |
1 |
0 |
|a AIDS and behavior
|h [electronic resource].
|
| 260 |
|
|
|a New York, NY :
|b Kluwer Academic/Plenum Publishers,
|c ©1997-
|
| 260 |
|
|
|3 <2004-> :
|a New York, NY :
|b Springer
|
| 310 |
|
|
|a 12 issues per year,
|b 2014-
|
| 321 |
|
|
|a 6 issues per year,
|b 2006-2013
|
| 321 |
|
|
|a Quarterly,
|b -2005
|
| 362 |
0 |
|
|a Vol. 1, issue 1 (Mar. 1997)-
|
| 500 |
|
|
|a Title from contents screen (publisher's Web site, viewed Mar. 9, 2004).
|
| 506 |
|
|
|a License restrictions may limit access.
|
| 538 |
|
|
|a Mode of access: World Wide Web.
|
| 588 |
|
|
|a Latest issue consulted: Vol. 23, issue 7 (July 2019) (Springer Link, viewed July 10, 2019).
|
| 650 |
|
0 |
|a AIDS (Disease)
|x Risk factors
|x Psychological aspects
|v Periodicals.
|
| 650 |
|
0 |
|a Health behavior
|v Periodicals.
|
| 650 |
|
0 |
|a AIDS (Disease)
|x Social aspects
|v Periodicals.
|
| 650 |
|
6 |
|a Sida
|x Facteurs de risque
|x Aspect psychologique
|v Périodiques.
|
| 650 |
|
6 |
|a Habitudes sanitaires
|v Périodiques.
|
| 650 |
|
6 |
|a Sida
|x Aspect social
|v Périodiques.
|
| 650 |
|
7 |
|a AIDS (Disease)
|x Social aspects.
|2 fast
|0 (OCoLC)fst00793952
|
| 650 |
|
7 |
|a Health behavior.
|2 fast
|0 (OCoLC)fst00952816
|
| 650 |
|
2 |
|a Acquired Immunodeficiency Syndrome
|x psychology.
|
| 650 |
|
2 |
|a Behavior.
|
| 650 |
|
2 |
|a Health Knowledge, Attitudes, Practice.
|
| 655 |
|
0 |
|a Electronic journals.
|
| 776 |
0 |
8 |
|i Print version:
|t AIDS and behavior
|x 1090-7165
|w (DLC) 97643440
|w (OCoLC)35446080
|
| 850 |
|
|
|a DLC
|
| 856 |
4 |
0 |
|z Full text available from Research Library: 03/01/1999 to 1 year ago
|u https://search.proquest.com/publication/33605
|